Biblioteca

Exégesis y predicación (Registro nro. 69746)

Detalles MARC
000 -LÍDER
Campo fijo de descripción fija 01370nab a2200241 i 4500
001 - NÚMERO DE CONTROL
Campo de control 768714001
003 - IDENTIFICADOR DEL NÚMERO DE CONTROL
Campo de control CO-MdFUSB
005 - FECHA Y HORA DE LA ULTIMA TRANSACCIÓN
control field 20240516123633.0
008 - ELEMENTOS DE LONGITUD FIJA -- INFORMACIÓN GENERAL
Campo fijo de descripción fija -- Información general 240516t1971 sp ||||| |||| 00| 0 spa d
040 ## - FUENTE DE CATALOGACIÓN
Idioma de catalogación spa
Agencia que realiza la transcripción CO-MdFUSB
Agencia que realiza la modificación CO-MdFUSB
041 ## - CÓDIGO DE IDIOMA
Código de idioma para texto/pista de sonido o título separado spa
100 ## - ASIENTO PRINCIPAL--NOMBRE PERSONAL
Nombre personal Dreher, Bruno,
Fechas asociadas con el nombre 1911-1971
Término relacionador autor
245 ## - TÍTULO
Título Exégesis y predicación
Mención de responsabilidad / Bruno Dreher ; traducido por Jesús Rey
520 ## - NOTA DE RESUMEN, ETC.
Nota de sumario, etc. Al decidir la Iglesia de volver a la palabra bíblica toda su importancia, al establecer el nuevo orden de pericopas litúrgicas, se ha planteado como cuestión de fondo, tanto entre los católicos como entre los protestantes, la norma básica de la homilética: «De la exégesis a la predicación». Ya no se trata simplemente de organizar la exégesis en una reflexión actualizada, sino de determinar si la teología de la predicación debe basarse en la exégesis de los textos bíblicos y su reflexión en una situación particular.<br/>
650 #0 - ASIENTO SECUNDARIO DE MATERIA - TERMINO TEMÁTICO
Término temático o nombre geográfico como elemento de entrada Biblia
9 (RLIN) 16
650 #7 - ASIENTO SECUNDARIO DE MATERIA - TERMINO TEMÁTICO
Término temático o nombre geográfico como elemento de entrada Hermenéutica bíblica
9 (RLIN) 7333
650 #7 - ASIENTO SECUNDARIO DE MATERIA - TERMINO TEMÁTICO
Término temático o nombre geográfico como elemento de entrada Apologética
9 (RLIN) 187
653 ## - TÉRMINO DE INDIZACIÓN - NO CONTROLADO
Término no controlado Mensaje cristiano
700 ## - ENTR. SECUNDARIA - Nombre Personal (R)
Nombre de persona Rey, Jesús,
Término indicativo de función traductor
773 0# - ASIENTO DE ITEM FUENTE
Biblionumber 49450
Itemnumber 82637
Otro identificador del ítem R2560
Título Revista internacional de teología Concilium
Número de control del registro (CO-MdFUSB)8
Número Internacional Normalizado para Publicaciones Seriadas (ISSN) 0210-1041
Parte(s) relacionada(s) / Volumen., número. (mes año), páginas Número 70, (diciembre, 1971), páginas: 494 - 505
Enumeración y primera página página: 494
942 ## - TIPO DE MATERIAL (KOHA)
Tipo de Item KOHA Artículos de Revista
945 ## - INFORMACIÓN LOCAL DEL REGISTRO
Catalogador Catherine Arias Alvarez - Practicante SENA

No hay ítems disponibles.

Biblioteca FUSBC | Teléfono: (57+4) 349 88 10 Ext. 141| WhatsApp (+57) 3005338115 
E-mail: biblioteca@unisbc.edu.co | Calle 76 87-14 Robledo Palenque, Medellín, Colombia

Con tecnología Koha